[Event "Piverone op 1st"]
[Site "Piverone"]
[Date "2012.03.11"]
[Round "4"]
[White "Bosticardo, Andrea"]
[Black "Bozza, Alberto"]
[Result "0-1"]
[WhiteElo "1329"]
[BlackElo "1589"]
[PlyCount "102"]
[EventDate "2012.03.09"]
[EventType "swiss"]
[EventRounds "5"]
[EventCountry "ITA"]
[SourceTitle "EXT 2014"]
[Source "ChessBase"]
[SourceDate "2013.11.20"]
[SourceVersion "1"]
[SourceVersionDate "2013.11.20"]
[SourceQuality "1"]

1. d4 Nf6 2. c4 g6 3. Nc3 d5 4. cxd5 Nxd5 5. e4 Nxc3 6. Qc2 Nxe4 7. Qxe4 Bg7 8. Nf3 c6 9. Bc4 Bf5 10. Qf4 0-0 11. 0-0 Nd7 12. Ng5 e5 13. Qh4 h6 14. Nf3 Qxh4 15. Nxh4 Be6 16. Bd3 exd4 17. b3 Nc5 18. Bc2 d3 19. Bxd3 Nxd3 20. Ba3 Bxa1 21. Bxf8 Bg7 22. Bxg7 Kxg7 23. Rd1 Nf4 24. h3 Nd5 25. Nf3 Nc3 26. Rd3 Nxa2 27. Ne5 Nb4 28. Rd4 c5 29. Rh4 g5 30. Re4 f5 31. Re1 Kf6 32. Nf3 Bxb3 33. Rb1 Bc2 34. Rf1 a5 35. Nd2 a4 36. Nc4 b5 37. Nd6 a3 38. Nxb5 a2 39. Nc7 a1Q 40. Rxa1 Rxa1+ 41. Kh2 Ke5 42. Nb5 c4 43. Nc3 Na2 44. Ne2 Bd3 45. Ng3 c3 46. Nh5 c2 47. Kg3 c1Q 48. h4 f4+ 49. Kg4 Qc8+ 50. Kf3 Be4+ 51. Ke2 Qc2# 0-1